Pakistan Dilemmas of a Developing State (Record no. 6573)

MARC details
000 -LEADER
fixed length control field 00578nam a2200241 a 4500
020 ## - INTERNATIONAL STANDARD BOOK NUMBER
ISBN
082 00 - DEWEY DECIMAL CLASSIFICATION NUMBER
Classification number 954.91
Author Cutter NAY
100 ## - MAIN ENTRY--AUTHOR NAME
Author name Nayak, Pandav
245 ## - TITLE STATEMENT
Title Pakistan Dilemmas of a Developing State
260 ## - PUBLICATION, DISTRIBUTION, ETC. (IMPRINT)
Place of publication Jaipur
Name of publisher Aalekh Publisher
Year of publication 1985
300 ## - PHYSICAL DESCRIPTION
Number of Pages 244p
500 ## - GENERAL NOTE
General note includes index and biblioraphy
505 2# - FORMATTED CONTENTS NOTE
Formatted contents note references
650 ## - SUBJECT ADDED ENTRY--TOPICAL TERM
Topical Term Pakistan
942 ## - ADDED ENTRY ELEMENTS (KOHA)
Koha item type Books
700 1# -
-- Nayak, Pandav
Holdings
Collection code Home library Current library Date acquired Cost, normal purchase price Full call number Accession Number Koha item type
  Henry Martyn Institute Library Henry Martyn Institute Library 04/12/2007 150.00 954.91 NAY 012626 Books
                   Copyright © 2026 | Henry Martyn Institute | Hyderabad | TS-500052 | INDIA | Implemented by hmi.edu.in
Hit-Count:

Powered by Koha